| 000 | 01029nmm a2200301 a 4500 | ||
|---|---|---|---|
| 001 | ocm0002015276 | ||
| 003 | TR-IsHL | ||
| 005 | 20201028180145.0 | ||
| 008 | 181201s2016 tu tur | ||
| 007 | cr cn | ||
| 020 | _a9786054635290 | ||
| 035 |
_a2015276 _b(N$T) |
||
| 050 | 0 | 4 |
_aPK6239.5.T9 _bE73 2016 |
| 090 | 0 | 4 |
_aPK6239.5.T9 _bE73 2016 |
| 245 | 1 | 0 |
_aEsami: iki dilli sözlük _h[electronic resource] / _chazırlayan Yrd. Doç. Dr. Rabia Şenay Şişman ; editör Ersan Güngör |
| 250 | _aBirinci Baskı | ||
| 260 |
_aİstanbul : _bDün Bugün Yarın Yayınları, _c2016 |
||
| 300 | _a253 p. | ||
| 650 | 4 | _aDil ve Edebiyat | |
| 650 | 4 | _aLanguage and Literature | |
| 650 | 0 |
_aFars dili _x Sözlükler |
|
| 650 | 0 |
_aPersian language _x Dictionaries |
|
| 650 | 0 | _aNazmu'l-Esâmi | |
| 650 | 7 |
_aREFERENCE / Dictionaries _2bisacsh |
|
| 700 | 1 | _aŞişman, Rabia Şenay | |
| 700 | 1 | _aGüngör, Ersan | |
| 856 | 4 | 0 | _uhttp://search.ebscohost.com/login.aspx?direct=true&scope=site&db=e011xww&AN=2015276 |
| 999 |
_c19009 _d19009 |
||